Normal view
MARC view
- سكيجر، رودني مؤلف/وينبرج، كارل م. مشارك/النحجي، محمد لبيب مترجم/مرسي، محمد منير مترجم
Entry Personal Name
001 - CONTROL NUMBER
- control field: 40047
003 - CONTROL NUMBER IDENTIFIER
- control field: JO-AjAnu
005 - DATE AND TIME OF LATEST TRANSACTION
- control field: 20230606080644.0
008 - FIXED-LENGTH DATA ELEMENTS
- fixed length control field: 230606|| aca||aabn | a|a d
040 ## - CATALOGING SOURCE
- Original cataloging agency: JO-AjAnu
- Transcribing agency: JO-AjAnu
100 ## - HEADING--PERSONAL NAME
- Personal name: سكيجر، رودني مؤلف/وينبرج، كارل م. مشارك/النحجي، محمد لبيب مترجم/مرسي، محمد منير مترجم
670 ## - SOURCE DATA FOUND
- Source citation: Work cat.: (JO-AjAnu)20531: سكيجر، رودني مؤلف/وينبرج، كارل م. مشارك/النحجي، محمد لبيب مترجم/مرسي، محمد منير مترجم, author, البحث التربوي أصوله ومناهجه